000
00275nam a22001097a 4500
082
_a
629.2092 MOT'S
100
_a
SMEATON, ROBERT W
_9
79158
245
_a
MOTOR APPLICATION AND MAINTENANCE HANDBOOK
260
_a
NEWYORK
_b
MCGRAW HILL
_c
1969
300
_a
IX,21-4P
942
_c
BK
999
_c
584219
_d
584219